LEADER 02113nam a2200421 a 4500 001 000000122718 003 CaOOAMICUS 005 20100824133053.0 008 100824s2004 it u000 u ita r 020 $z88-87016-64-X* 040 $aPUL$bita$dReb 041 0 $aita$alat$ager$afre$aspa$aeng 082 04$a232.91 245 00$aFons lucis :$bmiscellanea di studi in onore di Ermanno M. Toniolo /$ca cura di R. Barbieri, I.M. Calabuig, O. Di Angelo. 260 $aRoma :$bEdizioni Marianum,$c2004. 300 $axxxi, 795 p., [6] c. di tav. ;$c24 cm 490 1 $aScripta Pontificiae Facultatis Theologicae "Marianum" ;$v58 490 1 $aScripta Pontificiae Facultatis Theologicae "Marianum".$aNova series ;$v30 504 $aBibliografia p. [3]-26. 546 $aTesto in italiano, latino, tedesco, spagnolo, francese e inglese. 600 14$aToniolo, Ermanno M.$0(OLS)http://pul/subject/37150 600 04$aMaria Virgo,$cs.$0(OLS)http://pul/subject/500 700 1 $aBarbieri, Rosella.$0(OLS)http://pul/name/77093 700 1 $aCalabuig, Ignacio M.,$cO.S.M.,$d1931-2005.$0(OLS)http://pul/name/77094 700 1 $aDi Angelo, Ornella.$0(OLS)http://pul/name/77095 830 0$aScripta Pontificiae Facultatis Theologicae "Marianum" ;$v58.$0(OLS)http://pul/title/83 830 0$aScripta Pontificiae Facultatis Theologicae "Marianum".$pNova series ;$v30.$0(OLS)http://pul/title/9545 850 $aPUL 852 $aPUL$W1$xSL Religione 3$y85$m232. 91 BARRO 1$j140949$qDDC 21$B140029$CPULBib$Z2$F140029 $H102282 $82 852 $aPUL$W1$xDP1 Fondo Bordoni$y120$m3 H 10$j166787$qFondi$B175803$CPULBib$Z2$F175803 $HBor2133 $81 941 1 $a9 941 1 $a1 960 $aMariologia$9500 960 $aMariologia$9500 996 $6020$z88-87016-64-X*$9(OLS)http://pul/number/145143 996 $6082$a232.91$9(OLS)http://pul/classification/543 996 $6245$aFons lucis :$bmiscellanea di studi in onore di Ermanno M. Toniolo$9(OLS)http://pul/title/154687 996 $6260$aRoma :$bEdizioni Marianum$9(OLS)http://pul/publisher/52622 LEADER 01156nam a2200277 u 4500 001 000000078185 003 CaOOAMICUS 005 20070226123413.0 008 040330s2004 it u000 u ita u 020 $a8825014236 035 $a10988884 040 $aIPA$bita 100 1 $aScognamiglio, Edoardo,$cO.F.M.Conv.,$d1970-$0(OLS)http://pul/name/36773 245 10$aCatholica :$bcum ecclesia et cum mundo /$cEdoardo Scognamiglio. 260 $aPadova :$bEdizioni Messaggero,$c2004. 300 $a406 p. ;$c21 cm 490 1 $aStudi religiosi 500 $aComprende riferimenti bibliografici (p. 381-398) e indice. 650 4$aChiesa.$0(OLS)http://pul/subject/2116 830 0$aStudi religiosi (Messaggero).$0(OLS)http://pul/title/18487 850 $aPUL 852 $aPUL$W1$xSL Religione 3$y85$m262. 001 SCOED 1$j100300$nBK-PRI$b $qDDC 21$B100300$CPULBib$Z2$F100300 $HPUL99823 $82 941 1 $a9 996 $6020$a8825014236$9(OLS)http://pul/number/102514 996 $6245$aCatholica :$bcum ecclesia et cum mundo$9(OLS)http://pul/title/102454 996 $6260$aPadova :$bEdizioni Messaggero$9(OLS)http://pul/publisher/51217